| 000 | 003800000a22001570004500 | ||
|---|---|---|---|
| 003 | MACL | ||
| 040 | _aMACL | ||
| 090 |
_c33695 _d33693 |
||
| 100 | _aKinnaman, Dave | ||
| 245 |
_aTCP/IP _bAccelerated MCSE Study guide |
||
| 260 |
_bTata McGraw Hill Publishing Com Ltd _c1999 |
||
| 350 | _a195 | ||
| 650 | _aComputer Science | ||
| 942 |
_cBOOK _k004.6/KIN |
||
| 951 | _o004.6/KIN BOOK | ||
| 999 |
_c33344 _d33344 |
||